000 00399nam a2200157Ia 4500
003 GCL
008 140319s9999 xx 000 0 eng d
040 _aGCL /
_cGCL
082 0 4 _a771
_bB G
100 1 _aBIDEROST, MARC
245 1 0 _aLE GUIDE MARABOUT DE LA PHOTOGRAPHIE /
_cBIDEROST, MARC
260 _a[S.N] :
_bMARABOUT ،
_c1995
300 _a251 P
650 0 4 _aPHOTOGRAPHY
942 _2ddc
_cBK
999 _c10561
_d10561